| 000 | nam a22 7a 4500 | ||
|---|---|---|---|
| 999 |
_c329493 _d329493 |
||
| 003 | NUST | ||
| 005 | 20170510120552.0 | ||
| 008 | 170510b xxu||||| |||| 00| 0 eng d | ||
| 040 | _cDLC | ||
| 082 | _a620.136 SEN | ||
| 245 | _aConcrete materials : | ||
| 260 |
_aNew York : _bNova Science Publishers, |
||
| 300 | _axiv, 593 p. : | ||
| 942 |
_2ddc _cBK |
||